| 000 | 00355nam a2200121 4500 | ||
|---|---|---|---|
| 008 | 180103b xxu||||| |||| 00| 0 eng d | ||
| 082 |
_22004 _aDFil 050 _bP54 |
||
| 245 | _aPhilippines yearbook 2004 | ||
| 260 |
_as.l. : _bs.n., _c©2004. |
||
| 300 |
_a[366 pages] : _bcolored illustratiions ; _c30 cm. |
||
| 650 | 0 |
_925352 _y2004 _zPhilippines |
|
| 942 |
_2ddc _cDFIL |
||
| 999 |
_c8197 _d8197 |
||